Municipalities of Hokkaido - Click Map - Statistics

General Stats
  • This quiz has been taken 35 times
  • The average score is 85 of 179
Answers on the Map
Answers color-coded by a green-red scale on the quiz's map according to % correct below.
 
Answer Stats
Answer % Correct
Wakkanai 稚内市 わっかないし
83%
Otaru 小樽市 おたるし
78%
Rishiri 利尻町 りしりちょう
72%
Sapporo 札幌市 さっぽろし
72%
Shari 斜里町 しゃりちょう
72%
Erimo えりも町 えりもちょう
67%
Hokuto 北斗市 ほくとし
67%
Ishikari 石狩市 いしかりし
67%
Muroran 室蘭市 むろらんし
67%
Nemuro 根室市 ねむろし
67%
Rebun 礼文町 れぶんちょう
67%
Shakotan 積丹町 しゃこたんちょう
67%
Yakumo 八雲町 やくもちょう
67%
Akaigawa 赤井川村 あかいがわむら
61%
Asahikawa 旭川市 あさひかわし
61%
Date 伊達市 だてし
61%
Esashi (Hiyama) 江差町 えさしちょう
61%
Fukushima 福島町 ふくしまちょう
61%
Hakodate 函館市 はこだてし
61%
Hidaka 日高町 ひだかちょう
61%
Matsumae 松前町 まつまえちょう
61%
Mori 森町 もりまち
61%
Mukawa むかわ町 むかわちょう
61%
Nakashibetsu 中標津町 なかしべつちょう
61%
Okushiri 奥尻町 おくしりちょう
61%
Oshamanbe 長万部町 おしゃまんべちょう
61%
Rishirifuji 利尻富士町 りしりふじちょう
61%
Samani 様似町 さまにちょう
61%
Shibetsu 標津町 しべつちょう
61%
Shikabe 鹿部町 しかべちょう
61%
Suttsu 寿都町 すっつちょう
61%
Utashinai 歌志内市 うたしないし
61%
Abashiri 網走市 あばしりし
56%
Ashibetsu 芦別市 あしべつし
56%
Betsukai 別海町 べつかいちょう
56%
Chitose 千歳市 ちとせし
56%
Ebetsu 江別市 えべつし
56%
Eniwa 恵庭市 えにわし
56%
Esashi (Soya) 枝幸町 えさしちょう
56%
Furubira 古平町 ふるびらちょう
56%
Kikonai 木古内町 きこないちょう
56%
Kitahiroshima 北広島市 きたひろしまし
56%
Kitami 北見市 きたみし
56%
Kutchan 倶知安町 くっちゃんちょう
56%
Nakafurano 中富良野町 なかふらのちょう
56%
Nanae 七飯町 ななえちょう
56%
Niki 仁木町 にきちょう
56%
Noboribetsu 登別市 のぼりべつし
56%
Okoppe 興部町 おこっぺちょう
56%
Otobe 乙部町 おとべちょう
56%
Rausu 羅臼町 らうすちょう
56%
Rusutsu 留寿都村 るすつむら
56%
Saroma 佐呂間町 さろまちょう
56%
Sarufutsu 猿払村 さるふつむら
56%
Shimamaki 島牧村 しままきむら
56%
Shinhidaka 新ひだか町 しんひだかちょう
56%
Teshikaga 弟子屈町 てしかがちょう
56%
Teshio 天塩町 てしおちょう
56%
Tomakomai 苫小牧市 とまこまいし
56%
Toyako 洞爺湖町 とうやこちょう
56%
Yubari 夕張市 ゆうばりし
56%
Yuni 由仁町 ゆにちょう
56%
Akkeshi 厚岸町 あっけしちょう
50%
Bibai 美唄市 びばいし
50%
Honbetsu 本別町 ほんべつちょう
50%
Imakane 今金町 いまかねちょう
50%
Iwamizawa 岩見沢市 いわみざわし
50%
Kamifurano 上富良野町 かみふらのちょう
50%
Kamoenai 神恵内村 かもえないむら
50%
Koshimizu 小清水町 こしみずちょう
50%
Kuromatsunai 黒松内町 くろまつないちょう
50%
Kyogoku 京極町 きょうごくちょう
50%
Kyowa 共和町 きょうわちょう
50%
Mashike 増毛町 ましけちょう
50%
Minamifurano 南富良野町 みなみふらのちょう
50%
Monbetsu 紋別市 もんべつし
50%
Nakagawa 中川町 なかがわちょう
50%
Nayoro 名寄市 なよろし
50%
Omu 雄武町 おうむちょう
50%
Otofuke 音更町 おとふけちょう
50%
Ozora 大空町 おおぞらちょう
50%
Setana せたな町 せたなちょう
50%
Shibetsu 士別市 しべつし
50%
Shiraoi 白老町 しらおいちょう
50%
Shosanbetsu 初山別村 しょさんべつむら
50%
Toyotomi 豊富町 とよとみちょう
50%
Toyoura 豊浦町 とようらちょう
50%
Urakawa 浦河町 うらかわちょう
50%
Ashoro 足寄町 あしょろちょう
44%
Assabu 厚沢部町 あっさぶちょう
44%
Enbetsu 遠別町 えんべつちょう
44%
Engaru 遠軽町 えんがるちょう
44%
Furano 富良野市 ふらのし
44%
Haboro 羽幌町 はぼろちょう
44%
Hamanaka 浜中町 はまなかちょう
44%
Hamatonbetsu 浜頓別町 はまとんべつちょう
44%
Higashikawa 東川町 ひがしかわちょう
44%
Hokuryu 北竜町 ほくりゅうちょう
44%
Kiyosato 清里町 きよさとちょう
44%
Makubetsu 幕別町 まくべつちょう
44%
Moseushi 妹背牛町 もせうしちょう
44%
Niseko ニセコ町 にせこちょう
44%
Nishiokoppe 西興部村 にしおこっぺむら
44%
Otoineppu 音威子府村 おといねっぷむら
44%
Rankoshi 蘭越町 らんこしちょう
44%
Rumoi 留萌市 るもいし
44%
Shibecha 標茶町 しべちゃちょう
44%
Shimizu 清水町 しみずちょう
44%
Shintoku 新得町 しんとくちょう
44%
Shiranuka 白糠町 しらぬかちょう
44%
Shiriuchi 知内町 しりうちちょう
44%
Tobetsu 当別町 とうべつちょう
44%
Tomari 泊村 とまりむら
44%
Toyokoro 豊頃町 とよころちょう
44%
Urausu 浦臼町 うらうすちょう
44%
Wassamu 和寒町 わっさむちょう
44%
Yoichi 余市町 よいちちょう
44%
Yubetsu 湧別町 ゆうべつちょう
44%
Abira 安平町 あびらちょう
39%
Atsuma 厚真町 あつまちょう
39%
Biei 美瑛町 びえいちょう
39%
Chippubetsu 秩父別町 ちっぷべつちょう
39%
Higashikagura 東神楽町 ひがしかぐらちょう
39%
Hiroo 広尾町 ひろおちょう
39%
Horonobe 幌延町 ほろのべちょう
39%
Iwanai 岩内町 いわないちょう
39%
Kamikawa 上川町 かみかわちょう
39%
Kamishihoro 上士幌町 かみしほろちょう
39%
Kamisunagawa 上砂川町 かみすながわちょう
39%
Kenbuchi 剣淵町 けんぶちちょう
39%
Kunneppu 訓子府町 くんねっぷちょう
39%
Kushiro (city) 釧路市 くしろし
39%
Kushiro (town) 釧路町 くしろちょう
39%
Makkari 真狩村 まっかりむら
39%
Memuro 芽室町 めむろちょう
39%
Mikasa 三笠市 みかさし
39%
Nakatonbetsu 中頓別町 なかとんべつちょう
39%
Numata 沼田町 ぬまたちょう
39%
Oketo 置戸町 おけとちょう
39%
Rikubetsu 陸別町 りくべつちょう
39%
Shikaoi 鹿追町 しかおいちょう
39%
Shimukappu 占冠村 しむかっぷむら
39%
Shinshinotsu 新篠津村 しんしのつむら
39%
Shintotsukawa 新十津川町 しんとつかわちょう
39%
Sobetsu 壮瞥町 そうべつちょう
39%
Taiki 大樹町 たいきちょう
39%
Takasu 鷹栖町 たかすちょう
39%
Takikawa 滝川市 たきかわし
39%
Tsukigata 月形町 つきがたちょう
39%
Tsurui 鶴居村 つるいむら
39%
Akabira 赤平市 あかびらし
33%
Biratori 平取町 びらとりちょう
33%
Horokanai 幌加内町 ほろかないちょう
33%
Ikeda 池田町 いけだちょう
33%
Kaminokuni 上ノ国町 かみのくにちょう
33%
Kuriyama 栗山町 くりやまちょう
33%
Naie 奈井江町 ないえちょう
33%
Nakasatsunai 中札内村 なかさつないむら
33%
Niikappu 新冠町 にいかっぷちょう
33%
Obihiro 帯広市 おびひろし
33%
Obira 小平町 おびらちょう
33%
Pippu 比布町 ぴっぷちょう
33%
Sarabetsu 更別村 さらべつむら
33%
Shihoro 士幌町 しほろちょう
33%
Shimokawa 下川町 しもかわちょう
33%
Sunagawa 砂川市 すながわし
33%
Takinoue 滝上町 たきのうえちょう
33%
Toma 当麻町 とうまちょう
33%
Tomamae 苫前町 とままえちょう
33%
Tsubetsu 津別町 つべつちょう
33%
Urahoro 浦幌町 うらほろちょう
33%
Uryu 雨竜町 うりゅうちょう
33%
Aibetsu 愛別町 あいべつちょう
28%
Bifuka 美深町 びふかちょう
28%
Bihoro 美幌町 びほろちょう
28%
Fukagawa 深川市 ふかがわし
28%
Kimobetsu 喜茂別町 きもべつちょう
28%
Naganuma 長沼町 ながぬまちょう
28%
Nanporo 南幌町 なんぽろちょう
28%
No matching quizzes found
Score Distribution
Percent of People with Each Score
Percentile by Number Answered
Your Score History
You have not taken this quiz